Definiendo a los otros : (Record no. 184256)
[ view plain ]
| 000 -CABECERA | |
|---|---|
| campo de control de longitud fija | 02073nab a2200301 a 4500 |
| 005 - FECHA Y HORA DE LA ÚLTIMA TRANSACCIÓN | |
| campo de control | 20210219162852.0 |
| 008 - ELEMENTOS DE LONGITUD FIJA--INFORMACIÓN GENERAL | |
| campo de control de longitud fija | 991125s1985 mx 000 0 spa u |
| 035 ## - NÚMERO DE CONTROL DEL SISTEMA | |
| Número de control de sistema | UPN01000212156 |
| 049 ## - COLECCIÓN | |
| Colección | ART |
| 100 1# - ASIENTO PRINCIPAL--NOMBRE PERSONAL | |
| Nombre de persona | Jiménez Rodrigo, María Luisa |
| 100 1# - ASIENTO PRINCIPAL--NOMBRE PERSONAL | |
| Filiación | mljimenez@us.es |
| 100 1# - ASIENTO PRINCIPAL--NOMBRE PERSONAL | |
| Nombre de persona | Guzmán Ordaz, Raquel |
| 100 1# - ASIENTO PRINCIPAL--NOMBRE PERSONAL | |
| Filiación | r.guzman@usal.es |
| 222 #0 - TÍTULO CLAVE | |
| Título clave | CONVERGENCIA : REVISTA DE CIENCIAS SOCIALES |
| 245 00 - MENCIÓN DE TÍTULO | |
| Título | Definiendo a los otros : |
| Resto del título | relatos académicos sobre la diversidad en la escuela |
| 260 ## - PUBLICACIÓN, DISTRIBUCIÓN, ETC. | |
| Lugar de publicación, distribución, etc. | Toluca, México |
| 300 ## - DESCRIPCIÓN FÍSICA | |
| Extensión | 13-39 |
| 362 0# - FECHAS DE PUBLICACIÓN Y/O DESIGNACIÓN SECUENCIAL | |
| Fecha de publicación y/o designación secuencial | 2016 Volumen 23, número 71, mayo-agosto |
| 520 3# - NOTA DE RESUMEN, ETC. | |
| Sumario, etc. | Este artículo indaga en los usos académicos del concepto diversidad en el ámbito escolar a partir del análisis de la literatura científica española. El método se basa en el análisis documental partiendo de una exhaustiva búsqueda y revisión de 218 artículos publicados entre 2006 y 2012 en revistas indexadas en CSIC-ISOC y DIALNET. Se aplicó un esquema estructural de análisis que permitió identificar diferentes configuraciones narrativas en torno a la definición del “otro” en la escuela. Los resultados señalan dos relatos hegemónicos: institucional, basado en las clasificaciones legislativas del alumnado en función de sus capacidades y rendimientos escolares; e intercultural, sustentado en categorizaciones en torno a las diferencias culturales derivadas de la condición inmigrante-extranjera. Concluimos que en ambos relatos se proyecta predominantemente una visión esencializada de la diversidad construida desde parámetros dicotómicos y excluyentes, sin apenas considerar otras categorías sociales y económicas en la conformación de las diferencias y desigualdades educativas |
| 653 0# - TERMINO DE INDIZACION - NO CONTROLADO | |
| Término no controlado | DIVERSIDAD |
| 653 0# - TERMINO DE INDIZACION - NO CONTROLADO | |
| Término no controlado | DIFERENCIAS CULTURALES |
| 653 0# - TERMINO DE INDIZACION - NO CONTROLADO | |
| Término no controlado | DESIGUALDAD EDUCATIVA |
| 653 0# - TERMINO DE INDIZACION - NO CONTROLADO | |
| Término no controlado | ANALISIS DOCUMENTAL |
| 653 0# - TERMINO DE INDIZACION - NO CONTROLADO | |
| Término no controlado | INTERCULTURALIDAD |
| 856 4# - LOCALIZACIÓN Y ACCESO ELECTRÓNICOS | |
| Identificador Uniforme del Recurso | <a href="http://www.redalyc.org/articulo.oa?id=10545354001">http://www.redalyc.org/articulo.oa?id=10545354001</a> |
| 856 4# - LOCALIZACIÓN Y ACCESO ELECTRÓNICOS | |
| Identificador Uniforme del Recurso | <a href="http://convergencia.uaemex.mx/article/view/3987/2654">http://convergencia.uaemex.mx/article/view/3987/2654</a> |
| 905 ## - TIPO DE MATERIAL | |
| Tipo de material | Articulo |
No items available.
